00666 2200193 4500001002100000008004100021035002000062245016100082100002500243260004500268300003300313020002200346084001700368520001300385520002600398082001100424650002500435990001200460INLIS000000000015905 Ind  a0010-0323000353 aHow to Manage Retail Shrinkage and Loss PreventionbPanduan Lengkap bagi Peritel dalam Mengendalikan Penyusutan dan Mencegah KehilangancChristian F. Guswai aCHRISTIAN, F. Guswai aJakarta :bGramedia Pustaka Utama,c2018 axxii, 201 hal.: ilus.c21 cm a978-602-03-8257-9 a658.02 CHR h aLampiran aBibliografi : hal.155 a658.02 aMANAJEMEN PERUSAHAAN a10758 a